Business reserves in present tax law ; implications of the Revenue act of 1942 for special wartime reserves /

Bibliographic Details
Main Author: Brown, E. Cary (Edgar Cary)
Corporate Author: Butters, John Keith
Format: Book
Language:English
Published: Washington : National Planning Association, 1943.
Series:Planning pamphlets ; no. 27.
Subjects:

MARC

Tag First Indicator Second Indicator Subfields
LEADER 00000cam a2200000 4500
001 in00000229727
005 20151009075516.0
008 790717s1943 dcu b 00010 engxd
010 |a  44001473  
035 |a (OCoLC)05177992 
035 |9 AAZ3947AM 
040 |a DLC  |c AFU  |d TXA  |d UtOrBLW 
049 |a TXAM  |c [139370] 
090 |a HC101  |b .N352 no. 27 
100 1 |a Brown, E. Cary  |q (Edgar Cary) 
245 1 0 |a Business reserves in present tax law ;  |b implications of the Revenue act of 1942 for special wartime reserves /  |c by E. Cary Brown and J. Keith Butters. 
264 1 |a Washington :  |b National Planning Association,  |c 1943. 
300 |a 26 pages ;  |c 20 cm. 
336 |a text  |b txt  |2 rdacontent 
337 |a unmediated  |b n  |2 rdamedia 
338 |a volume  |b nc  |2 rdacarrier 
490 1 |a Planning pamphlets,  |v no. 27 
504 |a Bibliography: page 26. 
650 0 |a Income tax  |x Law and legislation  |z United States. 
650 0 |a World War, 1939-1945  |x Finance  |z United States. 
710 1 |a Butters, John Keith. 
830 0 |a Planning pamphlets ;  |v no. 27. 
999 |a MARS 
999 f f |s 2643869e-7465-3637-8cd3-38686d36c21f  |i 6c9adc87-4fe5-3e54-bd0e-db0e1202bfcd  |t 0 
952 f f |p normal  |a Texas A&M University  |b College Station  |c Sterling C. Evans Library  |d Evans: Library Stacks  |t 0  |e HC101 .N352 no.21-31  |h Library of Congress classification  |i unmediated -- volume  |m A14802567437 
952 f f |a Texas A&M University  |b College Station  |c Sterling C. Evans Library  |d Evans: Library Stacks  |t 0  |e HC101 .N352 no.21-31  |h Library of Congress classification 
998 f f |a HC101 .N352 no.21-31  |t 0  |l Evans: Library Stacks